[Event "DEM U12w 2024"]
[Site "Willingen GER"]
[Date "2024.05.24"]
[Round "8"]
[White "Bayer, Klara"]
[Black "Fettan, Nua"]
[Result "1-0"]
[Termination "normal"]
[Board "14"]
[WhiteElo "1261"]
[BlackElo "1601"]
[WhiteClock "00:52:51"]
[BlackClock "00:30:36"]
[PlyCount "119"]
[WhiteFideId "34658955"]
[BlackFideId "34637362"]
[EventCountry "GER"]
[EventRounds "9"]
[EventType "swiss"]
[EventDate "2024.05.18"]

1. d4 {[%clk 01:30:57]} {[%emt 00:00:02]} d5 {[%clk 01:30:53]} {[%emt
00:00:08]} 2. c4 {[%clk 01:31:20]} {[%emt 00:00:07]} e6 {[%clk 01:31:19]}
{[%emt 00:00:05]} 3. cxd5 {[%clk 01:31:38]} {[%emt 00:00:11]} exd5 {[%clk
01:31:45]} {[%emt 00:00:05]} 4. Nc3 {[%clk 01:31:50]} {[%emt 00:00:18]} c6
{[%clk 01:31:45]} {[%emt 00:00:30]} 5. Bf4 {[%clk 01:32:11]} {[%emt 00:00:08]}
Bd6 {[%clk 01:32:06]} {[%emt 00:00:09]} 6. Bg3 {[%clk 01:32:31]} {[%emt
00:00:10]} Bf5 {[%clk 01:31:53]} {[%emt 00:00:43]} 7. e3 {[%clk 01:32:26]}
{[%emt 00:00:35]} Nf6 {[%clk 01:22:49]} {[%emt 00:09:34]} 8. Qb3 {[%clk
01:30:59]} {[%emt 00:01:58]} Bxg3 {[%clk 01:19:31]} {[%emt 00:03:48]} 9. hxg3
{[%clk 01:28:14]} {[%emt 00:03:14]} b6 {[%clk 01:13:12]} {[%emt 00:06:49]} 10.
Nge2 {[%clk 01:25:48]} {[%emt 00:02:56]} O-O {[%clk 01:08:55]} {[%emt
00:04:48]} 11. Nf4 {[%clk 01:21:36]} {[%emt 00:04:41]} Re8 {[%clk 01:04:45]}
{[%emt 00:04:41]} 12. Bd3 {[%clk 01:18:16]} {[%emt 00:03:48]} Bxd3 {[%clk
01:02:32]} {[%emt 00:02:44]} 13. Nxd3 {[%clk 01:18:33]} {[%emt 00:00:13]} Nbd7
{[%clk 01:02:53]} {[%emt 00:00:10]} 14. O-O {[%clk 01:11:29]} {[%emt 00:07:33]}
Ng4 {[%clk 00:56:12]} {[%emt 00:07:11]} 15. Nf4 {[%clk 01:08:55]} {[%emt
00:03:05]} Qg5 {[%clk 00:51:13]} {[%emt 00:05:28]} 16. Qd1 {[%clk 01:08:12]}
{[%emt 00:01:12]} h5 {[%clk 00:47:16]} {[%emt 00:04:29]} 17. Nh3 {[%clk
01:06:29]} {[%emt 00:02:12]} Qh6 {[%clk 00:43:08]} {[%emt 00:04:37]} 18. Qf3
{[%clk 01:03:03]} {[%emt 00:03:56]} Ndf6 {[%clk 00:36:08]} {[%emt 00:07:31]}
19. Qf4 {[%clk 01:02:04]} {[%emt 00:01:29]} Qh8 {[%clk 00:32:56]} {[%emt
00:03:41]} 20. Rfe1 {[%clk 00:58:40]} {[%emt 00:03:54]} Re6 {[%clk 00:26:46]}
{[%emt 00:06:40]} 21. Ng5 {[%clk 00:57:09]} {[%emt 00:02:02]} Re7 {[%clk
00:26:46]} {[%emt 00:00:23]} 22. Qd6 {[%clk 00:53:56]} {[%emt 00:03:49]} Rae8
{[%clk 00:25:24]} {[%emt 00:01:52]} 23. Qxc6 {[%clk 00:46:56]} {[%emt
00:07:30]} h4 {[%clk 00:23:47]} {[%emt 00:02:07]} 24. Qd6 {[%clk 00:45:02]}
{[%emt 00:02:24]} hxg3 {[%clk 00:20:57]} {[%emt 00:03:21]} 25. Qxg3 {[%clk
00:45:16]} {[%emt 00:00:15]} Qh5 {[%clk 00:19:53]} {[%emt 00:01:34]} 26. Qf4
{[%clk 00:43:17]} {[%emt 00:02:29]} Qg6 {[%clk 00:19:09]} {[%emt 00:01:13]} 27.
Rac1 {[%clk 00:39:32]} {[%emt 00:04:16]} Nh6 {[%clk 00:19:15]} {[%emt
00:00:22]} 28. Nf3 {[%clk 00:34:41]} {[%emt 00:05:22]} Ne4 {[%clk 00:13:28]}
{[%emt 00:06:18]} 29. Ne5 {[%clk 00:33:39]} {[%emt 00:01:32]} Qe6 {[%clk
00:11:15]} {[%emt 00:02:42]} 30. Nxe4 {[%clk 00:33:22]} {[%emt 00:00:48]} dxe4
{[%clk 00:11:37]} {[%emt 00:00:09]} 31. b3 {[%clk 00:30:24]} {[%emt 00:03:28]}
a5 {[%clk 00:08:45]} {[%emt 00:03:21]} 32. Qxe4 {[%clk 00:28:28]} {[%emt
00:02:27]} Rd8 {[%clk 00:06:41]} {[%emt 00:02:33]} 33. Rc6 {[%clk 00:27:28]}
{[%emt 00:01:30]} Rd6 {[%clk 00:06:24]} {[%emt 00:00:48]} 34. Rxd6 {[%clk
00:26:48]} {[%emt 00:01:10]} Qxd6 {[%clk 00:06:42]} {[%emt 00:00:12]} 35. Qc6
{[%clk 00:26:51]} {[%emt 00:00:27]} Qxc6 {[%clk 00:05:22]} {[%emt 00:01:50]}
36. Nxc6 {[%clk 00:27:10]} {[%emt 00:00:10]} Rc7 {[%clk 00:04:34]} {[%emt
00:01:18]} 37. d5 {[%clk 00:26:46]} {[%emt 00:00:55]} Kf8 {[%clk 00:03:39]}
{[%emt 00:01:25]} 38. e4 {[%clk 00:26:13]} {[%emt 00:01:03]} Ng8 {[%clk
00:03:03]} {[%emt 00:01:03]} 39. e5 {[%clk 00:25:03]} {[%emt 00:01:41]} Ne7
{[%clk 00:02:56]} {[%emt 00:00:38]} 40. Nxe7 {[%clk 00:25:25]} {[%emt
00:00:08]} Rxe7 {[%clk 00:03:17]} {[%emt 00:00:09]} 41. f4 {[%clk 00:25:12]}
{[%emt 00:00:42]} Ke8 {[%clk 00:02:59]} {[%emt 00:00:50]} 42. d6 {[%clk
00:24:54]} {[%emt 00:00:47]} Rd7 {[%clk 00:02:53]} {[%emt 00:00:36]} 43. Rd1
{[%clk 00:24:44]} {[%emt 00:00:40]} Kd8 {[%clk 00:02:00]} {[%emt 00:01:23]} 44.
f5 {[%clk 00:24:49]} {[%emt 00:00:25]} Ke8 {[%clk 00:01:18]} {[%emt 00:01:13]}
45. e6 {[%clk 00:24:44]} {[%emt 00:00:35]} fxe6 {[%clk 00:29:56]} {[%emt
00:01:51]} 46. fxe6 {[%clk 00:54:49]} {[%emt 00:00:25]} Rd8 {[%clk 00:30:25]}
{[%emt 00:00:02]} 47. Kf2 {[%clk 00:54:49]} {[%emt 00:00:30]} Rb8 {[%clk
00:30:02]} {[%emt 00:00:53]} 48. Ke3 {[%clk 00:55:01]} {[%emt 00:00:17]} Rd8
{[%clk 00:30:11]} {[%emt 00:00:21]} 49. Ke4 {[%clk 00:55:10]} {[%emt 00:00:20]}
Rb8 {[%clk 00:30:00]} {[%emt 00:00:42]} 50. Kd5 {[%clk 00:55:13]} {[%emt
00:00:26]} a4 {[%clk 00:29:17]} {[%emt 00:01:14]} 51. b4 {[%clk 00:52:38]}
{[%emt 00:03:06]} g5 {[%clk 00:29:07]} {[%emt 00:00:39]} 52. Rh1 {[%clk
00:52:38]} {[%emt 00:00:31]} Kf8 {[%clk 00:28:58]} {[%emt 00:00:39]} 53. Rh8+
{[%clk 00:52:53]} {[%emt 00:00:15]} Kg7 {[%clk 00:29:21]} {[%emt 00:00:06]} 54.
Rxb8 {[%clk 00:53:10]} {[%emt 00:00:14]} a3 {[%clk 00:29:40]} {[%emt 00:00:11]}
55. Rb7+ {[%clk 00:53:01]} {[%emt 00:00:38]} Kf6 {[%clk 00:30:03]} {[%emt
00:00:07]} 56. e7 {[%clk 00:52:54]} {[%emt 00:00:37]} b5 {[%clk 00:30:08]}
{[%emt 00:00:25]} 57. e8=Q {[%clk 00:53:09]} {[%emt 00:00:14]} g4 {[%clk
00:30:37]} {[%emt 00:00:02]} 58. Rf7+ {[%clk 00:53:28]} {[%emt 00:00:11]} Kg5
{[%clk 00:30:48]} {[%emt 00:00:19]} 59. g3 {[%clk 00:52:46]} {[%emt 00:01:12]}
Kh6 {[%clk 00:30:36]} {[%emt 00:00:42]} 60. Qg8 {[%clk 00:52:51]} {[%emt
00:00:25]} 1-0

[Event "DEM U12w 2024"]
[Site "Willingen GER"]
[Date "2024.05.24"]
[Round "8"]
[White "Klymenko, Mariia"]
[Black "Weyerer, Elea"]
[Result "0-1"]
[Termination "normal"]
[Board "15"]
[WhiteElo "1438"]
[BlackElo "1507"]
[WhiteClock "00:12:53"]
[BlackClock "00:53:23"]
[PlyCount "104"]
[WhiteFideId "34620621"]
[BlackFideId "34605770"]
[EventCountry "GER"]
[EventRounds "9"]
[EventType "swiss"]
[EventDate "2024.05.18"]

1. e3 {[%clk 01:30:59]} {[%emt 00:00:01]} Nf6 {[%clk 01:30:47]} {[%emt
00:00:13]} 2. b3 {[%clk 01:31:21]} {[%emt 00:00:08]} g6 {[%clk 01:30:52]}
{[%emt 00:00:25]} 3. Bb2 {[%clk 01:31:25]} {[%emt 00:00:26]} Bg7 {[%clk
01:31:02]} {[%emt 00:00:19]} 4. f4 {[%clk 01:31:32]} {[%emt 00:00:23]} d6
{[%clk 01:30:42]} {[%emt 00:00:51]} 5. Nf3 {[%clk 01:31:38]} {[%emt 00:00:23]}
Nbd7 {[%clk 01:30:22]} {[%emt 00:00:50]} 6. Be2 {[%clk 01:31:15]} {[%emt
00:00:53]} O-O {[%clk 01:29:48]} {[%emt 00:01:05]} 7. O-O {[%clk 01:28:45]}
{[%emt 00:02:59]} Re8 {[%clk 01:28:10]} {[%emt 00:02:08]} 8. Nc3 {[%clk
01:24:44]} {[%emt 00:04:31]} b6 {[%clk 01:25:16]} {[%emt 00:03:24]} 9. Bb5
{[%clk 01:19:55]} {[%emt 00:05:19]} Bb7 {[%clk 01:22:58]} {[%emt 00:02:48]} 10.
Bxd7 {[%clk 01:18:43]} {[%emt 00:01:43]} Qxd7 {[%clk 01:22:07]} {[%emt
00:01:21]} 11. Qe2 {[%clk 01:10:05]} {[%emt 00:09:07]} a5 {[%clk 01:13:11]}
{[%emt 00:09:27]} 12. Rab1 {[%clk 01:05:32]} {[%emt 00:05:01]} Qf5 {[%clk
01:06:59]} {[%emt 00:06:44]} 13. Nd4 {[%clk 01:01:33]} {[%emt 00:04:27]} Qd7
{[%clk 01:06:47]} {[%emt 00:00:42]} 14. f5 {[%clk 00:56:28]} {[%emt 00:05:36]}
e5 {[%clk 01:05:08]} {[%emt 00:02:09]} 15. Ndb5 {[%clk 00:52:03]} {[%emt
00:04:45]} Ba6 {[%clk 01:04:17]} {[%emt 00:01:32]} 16. Qd3 {[%clk 00:42:00]}
{[%emt 00:10:19]} Red8 {[%clk 01:02:30]} {[%emt 00:02:30]} 17. fxg6 {[%clk
00:39:50]} {[%emt 00:02:40]} hxg6 {[%clk 01:01:43]} {[%emt 00:01:18]} 18. Nd5
{[%clk 00:35:02]} {[%emt 00:05:17]} Nxd5 {[%clk 01:01:11]} {[%emt 00:01:03]}
19. Qxd5 {[%clk 00:35:10]} {[%emt 00:00:22]} Bxb5 {[%clk 01:00:52]} {[%emt
00:00:49]} 20. Rf2 {[%clk 00:34:10]} {[%emt 00:01:26]} Rf8 {[%clk 00:58:09]}
{[%emt 00:03:15]} 21. d3 {[%clk 00:31:50]} {[%emt 00:02:51]} Qc6 {[%clk
00:56:34]} {[%emt 00:02:06]} 22. Qxc6 {[%clk 00:29:03]} {[%emt 00:03:17]} Bxc6
{[%clk 00:55:06]} {[%emt 00:01:58]} 23. Rbf1 {[%clk 00:28:31]} {[%emt
00:01:01]} b5 {[%clk 00:54:15]} {[%emt 00:01:20]} 24. e4 {[%clk 00:27:08]}
{[%emt 00:01:54]} d5 {[%clk 00:53:24]} {[%emt 00:01:21]} 25. exd5 {[%clk
00:26:03]} {[%emt 00:01:36]} Bxd5 {[%clk 00:53:21]} {[%emt 00:00:33]} 26. Re2
{[%clk 00:23:35]} {[%emt 00:02:55]} Rfe8 {[%clk 00:52:33]} {[%emt 00:01:19]}
27. Rfe1 {[%clk 00:23:04]} {[%emt 00:01:03]} Ra6 {[%clk 00:50:36]} {[%emt
00:02:27]} 28. Kf2 {[%clk 00:18:20]} {[%emt 00:05:08]} Rae6 {[%clk 00:50:18]}
{[%emt 00:00:53]} 29. a3 {[%clk 00:16:28]} {[%emt 00:02:20]} e4 {[%clk
00:49:19]} {[%emt 00:01:31]} 30. Bxg7 {[%clk 00:16:03]} {[%emt 00:00:55]} Kxg7
{[%clk 00:49:40]} {[%emt 00:00:10]} 31. dxe4 {[%clk 00:16:09]} {[%emt
00:00:24]} Rxe4 {[%clk 00:49:41]} {[%emt 00:00:29]} 32. Rxe4 {[%clk 00:16:23]}
{[%emt 00:00:15]} Rxe4 {[%clk 00:49:59]} {[%emt 00:00:12]} 33. Rxe4 {[%clk
00:16:45]} {[%emt 00:00:08]} Bxe4 {[%clk 00:50:16]} {[%emt 00:00:14]} 34. c3
{[%clk 00:16:43]} {[%emt 00:00:30]} c5 {[%clk 00:50:09]} {[%emt 00:00:39]} 35.
b4 {[%clk 00:16:31]} {[%emt 00:00:42]} cxb4 {[%clk 00:50:18]} {[%emt 00:00:20]}
36. cxb4 {[%clk 00:16:45]} {[%emt 00:00:16]} axb4 {[%clk 00:50:34]} {[%emt
00:00:15]} 37. axb4 {[%clk 00:17:10]} {[%emt 00:00:05]} Kf6 {[%clk 00:50:53]}
{[%emt 00:00:11]} 38. g3 {[%clk 00:16:22]} {[%emt 00:01:16]} Ke5 {[%clk
00:51:05]} {[%emt 00:00:19]} 39. Ke3 {[%clk 00:15:31]} {[%emt 00:01:21]} Kd5
{[%clk 00:51:21]} {[%emt 00:00:13]} 40. Kf4 {[%clk 00:15:22]} {[%emt 00:00:40]}
Bf5 {[%clk 00:51:05]} {[%emt 00:00:42]} 41. g4 {[%clk 00:13:54]} {[%emt
00:02:02]} Be6 {[%clk 00:50:54]} {[%emt 00:00:38]} 42. h4 {[%clk 00:13:53]}
{[%emt 00:00:33]} Kc4 {[%clk 00:51:09]} {[%emt 00:00:16]} 43. h5 {[%clk
00:13:53]} {[%emt 00:00:31]} gxh5 {[%clk 00:51:08]} {[%emt 00:00:31]} 44. gxh5
{[%clk 00:14:15]} {[%emt 00:00:06]} f5 {[%clk 00:51:10]} {[%emt 00:00:30]} 45.
Kg5 {[%clk 00:13:55]} {[%emt 00:00:44]} f4 {[%clk 00:51:16]} {[%emt 00:00:30]}
46. h6 {[%clk 00:13:57]} {[%emt 00:00:27]} Bg8 {[%clk 00:51:35]} {[%emt
00:00:10]} 47. Kg6 {[%clk 00:13:58]} {[%emt 00:00:30]} Bd5 {[%clk 00:51:57]}
{[%emt 00:00:09]} 48. Kg5 {[%clk 00:13:43]} {[%emt 00:00:45]} Be4 {[%clk
00:51:55]} {[%emt 00:00:27]} 49. Kxf4 {[%clk 00:14:01]} {[%emt 00:00:17]} Bh7
{[%clk 00:52:13]} {[%emt 00:00:11]} 50. Ke3 {[%clk 00:13:39]} {[%emt 00:00:52]}
Kxb4 {[%clk 00:52:38]} {[%emt 00:00:06]} 51. Kd2 {[%clk 00:12:56]} {[%emt
00:01:11]} Kb3 {[%clk 00:53:01]} {[%emt 00:00:09]} 52. Kc1 {[%clk 00:12:53]}
{[%emt 00:00:30]} Ka2 {[%clk 00:53:23]} {[%emt 00:00:11]} 0-1

[Event "DEM U12w 2024"]
[Site "Willingen GER"]
[Date "2024.05.24"]
[Round "8"]
[White "Krannich, Eva"]
[Black "Kübart, Ela Marie"]
[Result "1-0"]
[Termination "normal"]
[Board "16"]
[WhiteElo "1176"]
[BlackElo "1567"]
[WhiteClock "01:07:44"]
[BlackClock "01:07:14"]
[PlyCount "45"]
[WhiteFideId "34639713"]
[BlackFideId "34633723"]
[EventCountry "GER"]
[EventRounds "9"]
[EventType "swiss"]
[EventDate "2024.05.18"]

1. e4 {[%clk 01:30:59]} e6 {[%clk 01:30:55]} {[%emt 00:00:06]} 2. d4 {[%clk
01:31:23]} {[%emt 00:00:06]} d5 {[%clk 01:31:19]} {[%emt 00:00:05]} 3. exd5
{[%clk 01:31:46]} {[%emt 00:00:07]} exd5 {[%clk 01:31:44]} {[%emt 00:00:06]} 4.
Bd3 {[%clk 01:32:07]} {[%emt 00:00:08]} Bd6 {[%clk 01:32:08]} {[%emt 00:00:06]}
5. Nc3 {[%clk 01:32:30]} {[%emt 00:00:06]} Ne7 {[%clk 01:32:03]} {[%emt
00:00:36]} 6. Nge2 {[%clk 01:32:44]} {[%emt 00:00:16]} O-O {[%clk 01:31:55]}
{[%emt 00:00:39]} 7. Bf4 {[%clk 01:32:03]} {[%emt 00:01:10]} Nbc6 {[%clk
01:29:28]} {[%emt 00:02:58]} 8. Qd2 {[%clk 01:31:29]} {[%emt 00:01:03]} Re8
{[%clk 01:26:57]} {[%emt 00:03:02]} 9. O-O {[%clk 01:30:45]} {[%emt 00:01:14]}
Nb4 {[%clk 01:22:21]} {[%emt 00:05:04]} 10. Rae1 {[%clk 01:25:36]} {[%emt
00:05:40]} Bf5 {[%clk 01:21:24]} {[%emt 00:01:28]} 11. Bxd6 {[%clk 01:21:28]}
{[%emt 00:04:37]} cxd6 {[%clk 01:18:04]} {[%emt 00:03:50]} 12. Bxf5 {[%clk
01:19:32]} {[%emt 00:02:27]} Nxf5 {[%clk 01:18:09]} {[%emt 00:00:24]} 13. a3
{[%clk 01:18:39]} {[%emt 00:01:24]} Nc6 {[%clk 01:18:10]} {[%emt 00:00:29]} 14.
Nxd5 {[%clk 01:16:38]} {[%emt 00:02:30]} Re4 {[%clk 01:15:27]} {[%emt
00:03:13]} 15. c3 {[%clk 01:14:56]} {[%emt 00:02:12]} Rg4 {[%clk 01:15:30]}
{[%emt 00:00:27]} 16. Ng3 {[%clk 01:13:30]} {[%emt 00:01:57]} Nh4 {[%clk
01:12:45]} {[%emt 00:03:14]} 17. f3 {[%clk 01:10:33]} {[%emt 00:03:28]} Rg6
{[%clk 01:10:31]} {[%emt 00:02:44]} 18. Re2 {[%clk 01:08:55]} {[%emt 00:02:08]}
Qa5 {[%clk 01:08:53]} {[%emt 00:02:07]} 19. Ne7+ {[%clk 01:07:44]} {[%emt
00:01:41]} Nxe7 {[%clk 01:09:05]} {[%emt 00:00:17]} 20. Rxe7 {[%clk 01:08:03]}
{[%emt 00:00:11]} b6 {[%clk 01:08:05]} {[%emt 00:01:32]} 21. Qf4 {[%clk
01:07:02]} {[%emt 00:01:31]} Qg5 {[%clk 01:07:10]} {[%emt 00:01:24]} 22. Qxf7+
{[%clk 01:07:19]} {[%emt 00:00:13]} Kh8 {[%clk 01:07:14]} {[%emt 00:00:27]} 23.
Re8+ {[%clk 01:07:44]} {[%emt 00:00:05]} 1-0

[Event "DEM U12w 2024"]
[Site "Willingen GER"]
[Date "2024.05.24"]
[Round "8"]
[White "Margaryan, Mane"]
[Black "Döscher, Nayla"]
[Result "1/2-1/2"]
[Termination "normal"]
[Board "17"]
[WhiteElo "1512"]
[BlackElo "1564"]
[WhiteClock "01:01:09"]
[BlackClock "00:44:34"]
[PlyCount "40"]
[WhiteFideId "16268237"]
[BlackFideId "34625046"]
[EventCountry "GER"]
[EventRounds "9"]
[EventType "swiss"]
[EventDate "2024.05.18"]

1. d4 {[%clk 01:30:59]} {[%emt 00:00:01]} d5 {[%clk 01:30:53]} {[%emt
00:00:07]} 2. c4 {[%clk 01:31:26]} {[%emt 00:00:03]} e6 {[%clk 01:31:14]}
{[%emt 00:00:09]} 3. Nc3 {[%clk 01:31:50]} {[%emt 00:00:06]} Nf6 {[%clk
01:31:36]} {[%emt 00:00:07]} 4. Bg5 {[%clk 01:32:03]} {[%emt 00:00:18]} Nbd7
{[%clk 01:31:42]} {[%emt 00:00:23]} 5. Nf3 {[%clk 01:31:53]} {[%emt 00:00:41]}
c6 {[%clk 01:31:10]} {[%emt 00:01:03]} 6. e3 {[%clk 01:31:33]} {[%emt
00:00:49]} Qa5 {[%clk 01:30:39]} {[%emt 00:01:00]} 7. a3 {[%clk 01:24:37]}
{[%emt 00:07:27]} Ne4 {[%clk 01:27:05]} {[%emt 00:04:04]} 8. Qa4 {[%clk
01:17:05]} {[%emt 00:08:02]} Qxa4 {[%clk 01:23:22]} {[%emt 00:04:12]} 9. Nxa4
{[%clk 01:17:28]} {[%emt 00:00:09]} dxc4 {[%clk 01:19:08]} {[%emt 00:04:43]}
10. Nc3 {[%clk 01:12:33]} {[%emt 00:05:25]} Nxc3 {[%clk 01:15:18]} {[%emt
00:04:20]} 11. bxc3 {[%clk 01:12:57]} {[%emt 00:00:06]} b5 {[%clk 01:12:26]}
{[%emt 00:03:22]} 12. Be2 {[%clk 01:11:21]} {[%emt 00:02:05]} Bd6 {[%clk
01:09:31]} {[%emt 00:03:23]} 13. O-O {[%clk 01:05:57]} {[%emt 00:05:57]} O-O
{[%clk 01:08:31]} {[%emt 00:01:30]} 14. Rfe1 {[%clk 01:04:48]} {[%emt
00:01:39]} h6 {[%clk 01:02:47]} {[%emt 00:06:14]} 15. Bh4 {[%clk 01:04:54]}
{[%emt 00:00:23]} c5 {[%clk 00:56:02]} {[%emt 00:07:16]} 16. a4 {[%clk
01:03:17]} {[%emt 00:02:08]} bxa4 {[%clk 00:50:10]} {[%emt 00:06:21]} 17. Bxc4
{[%clk 01:02:28]} {[%emt 00:01:19]} Nb6 {[%clk 00:48:59]} {[%emt 00:01:40]} 18.
Bb5 {[%clk 01:01:38]} {[%emt 00:01:21]} Bd7 {[%clk 00:46:17]} {[%emt 00:03:12]}
19. Bxd7 {[%clk 01:01:31]} {[%emt 00:00:37]} Nxd7 {[%clk 00:46:36]} {[%emt
00:00:11]} 20. Rxa4 {[%clk 01:01:09]} {[%emt 00:00:52]} Nb6 {[%clk 00:44:34]}
{[%emt 00:02:32]} 1/2-1/2

[Event "DEM U12w 2024"]
[Site "Willingen GER"]
[Date "2024.05.24"]
[Round "8"]
[White "Bharathula, Akhila"]
[Black "Haidekker, Ailis"]
[Result "1/2-1/2"]
[Termination "normal"]
[Board "18"]
[WhiteElo "1420"]
[BlackElo "1224"]
[WhiteClock "00:53:24"]
[BlackClock "00:29:47"]
[PlyCount "87"]
[WhiteFideId "34641777"]
[BlackFideId "34649263"]
[EventCountry "GER"]
[EventRounds "9"]
[EventType "swiss"]
[EventDate "2024.05.18"]

1. d4 {[%clk 01:30:57]} {[%emt 00:00:02]} d5 {[%clk 01:30:59]} {[%emt
00:00:02]} 2. c4 {[%clk 01:31:19]} {[%emt 00:00:07]} dxc4 {[%clk 01:31:24]}
{[%emt 00:00:05]} 3. e4 {[%clk 01:31:27]} {[%emt 00:00:22]} Nf6 {[%clk
01:31:45]} {[%emt 00:00:10]} 4. Nc3 {[%clk 01:31:49]} {[%emt 00:00:08]} e6
{[%clk 01:31:26]} {[%emt 00:00:49]} 5. Bxc4 {[%clk 01:31:56]} {[%emt 00:00:22]}
a6 {[%clk 01:29:41]} {[%emt 00:02:16]} 6. Bg5 {[%clk 01:31:27]} {[%emt
00:00:53]} Be7 {[%clk 01:24:23]} {[%emt 00:05:53]} 7. Nf3 {[%clk 01:25:51]}
{[%emt 00:06:06]} O-O {[%clk 01:20:41]} {[%emt 00:04:12]} 8. O-O {[%clk
01:24:04]} {[%emt 00:02:17]} b5 {[%clk 01:19:06]} {[%emt 00:02:05]} 9. Bb3
{[%clk 01:21:40]} {[%emt 00:02:52]} Bb7 {[%clk 01:17:03]} {[%emt 00:02:36]} 10.
Bxf6 {[%clk 01:18:11]} {[%emt 00:03:58]} Bxf6 {[%clk 01:16:05]} {[%emt
00:01:28]} 11. Re1 {[%clk 01:16:22]} {[%emt 00:02:19]} Nd7 {[%clk 01:13:51]}
{[%emt 00:02:44]} 12. Rc1 {[%clk 01:12:26]} {[%emt 00:04:26]} c5 {[%clk
01:06:28]} {[%emt 00:07:53]} 13. dxc5 {[%clk 01:08:15]} {[%emt 00:04:41]} Nxc5
{[%clk 01:06:39]} {[%emt 00:00:19]} 14. Bc2 {[%clk 01:07:37]} {[%emt 00:01:08]}
b4 {[%clk 01:04:45]} {[%emt 00:02:25]} 15. Na4 {[%clk 01:06:45]} {[%emt
00:01:21]} Nxa4 {[%emt 00:00:37]} 16. Bxa4 {[%clk 01:07:02]} {[%emt 00:00:11]}
Bxb2 {[%clk 01:03:27]} {[%emt 00:01:43]} 17. Qxd8 {[%clk 01:05:01]} {[%emt
00:02:30]} Rfxd8 {[%clk 01:03:01]} {[%emt 00:00:56]} 18. Rc7 {[%clk 01:04:58]}
{[%emt 00:00:34]} Bc8 {[%clk 00:45:44]} {[%emt 00:17:47]} 19. Rd1 {[%clk
00:57:25]} {[%emt 00:08:03]} Rxd1+ {[%clk 00:45:29]} {[%emt 00:00:45]} 20. Bxd1
{[%clk 00:57:49]} {[%emt 00:00:05]} a5 {[%clk 00:44:43]} {[%emt 00:01:17]} 21.
Ba4 {[%clk 00:56:47]} {[%emt 00:01:32]} h6 {[%clk 00:37:44]} {[%emt 00:07:28]}
22. Rc5 {[%clk 00:51:12]} {[%emt 00:06:05]} Bb7 {[%clk 00:34:41]} {[%emt
00:03:34]} 23. Bc6 {[%clk 00:50:05]} {[%emt 00:01:37]} Bxc6 {[%clk 00:34:51]}
{[%emt 00:00:20]} 24. Rxc6 {[%clk 00:50:32]} {[%emt 00:00:02]} a4 {[%clk
00:35:02]} {[%emt 00:00:21]} 25. Kf1 {[%clk 00:50:44]} {[%emt 00:00:18]} b3
{[%clk 00:35:07]} {[%emt 00:00:24]} 26. axb3 {[%clk 00:50:47]} {[%emt
00:00:26]} a3 {[%clk 00:35:15]} {[%emt 00:00:24]} 27. Ne1 {[%clk 00:50:38]}
{[%emt 00:00:38]} a2 {[%clk 00:35:30]} {[%emt 00:00:15]} 28. Nc2 {[%clk
00:50:59]} {[%emt 00:00:08]} a1=Q+ {[%clk 00:34:50]} {[%emt 00:01:10]} 29. Nxa1
{[%clk 00:51:26]} {[%emt 00:00:03]} Rxa1+ {[%clk 00:35:11]} {[%emt 00:00:10]}
30. Ke2 {[%clk 00:51:52]} {[%emt 00:00:04]} Ra2 {[%clk 00:33:06]} {[%emt
00:02:35]} 31. Rc2 {[%clk 00:52:11]} {[%emt 00:00:12]} Kf8 {[%clk 00:30:09]}
{[%emt 00:03:20]} 32. b4 {[%clk 00:49:59]} {[%emt 00:02:48]} Ke8 {[%clk
00:29:23]} {[%emt 00:01:16]} 33. b5 {[%clk 00:50:23]} {[%emt 00:00:06]} Kd7
{[%clk 00:29:30]} {[%emt 00:00:23]} 34. b6 {[%clk 00:50:43]} {[%emt 00:00:11]}
Ra6 {[%clk 00:27:41]} {[%emt 00:02:18]} 35. Rxb2 {[%clk 00:51:07]} {[%emt
00:00:06]} Kc8 {[%clk 00:27:52]} {[%emt 00:00:18]} 36. Kd3 {[%clk 00:51:14]}
{[%emt 00:00:23]} Kb7 {[%clk 00:28:11]} {[%emt 00:00:11]} 37. Kd4 {[%clk
00:51:29]} {[%emt 00:00:15]} Rxb6 {[%clk 00:28:10]} {[%emt 00:00:33]} 38. Rxb6+
{[%clk 00:51:52]} {[%emt 00:00:06]} Kxb6 {[%clk 00:28:35]} {[%emt 00:00:05]}
39. Ke5 {[%clk 00:52:19]} {[%emt 00:00:03]} Kc7 {[%clk 00:28:56]} {[%emt
00:00:09]} 40. f4 {[%clk 00:52:40]} {[%emt 00:00:09]} Kd7 {[%clk 00:29:12]}
{[%emt 00:00:15]} 41. g4 {[%clk 00:52:43]} {[%emt 00:00:27]} f6+ {[%clk
00:29:16]} {[%emt 00:00:25]} 42. Kd4 {[%clk 00:53:08]} {[%emt 00:00:04]} Kd6
{[%clk 00:29:33]} {[%emt 00:00:14]} 43. e5+ {[%clk 00:53:00]} {[%emt 00:00:38]}
Ke7 {[%clk 00:29:47]} {[%emt 00:00:16]} 44. h4 {[%clk 00:53:24]} {[%emt
00:00:05]} 1/2-1/2